[Event "ChessOrg Schachfestival 2025"]
[Site "Bad Woerishofen Senioren-Open"]
[Date "2025.03.25"]
[Round "5.2"]
[White "Kristensen, Leif"]
[Black "Kindtner, Ulrich"]
[Result "1/2-1/2"]
[Annotator "wempe"]
[WhiteElo "2310"]
[BlackElo "2157"]
[WhiteFideId "-1"]
[WhiteFideId "-1"]
[PlyCount "37"]
[GameId "2242652975251586"]
[EventDate "2025.03.21"]

1. c4 g6 2. d4 Bg7 3. e4 Nc6 4. Nf3 e5 5. Bg5 f6 6. Be3 exd4 7. Nxd4 Nge7 8. Nc3 O-O 9. Qd2 d6 10. Be2 f5 11. Nxc6 bxc6 12. O-O fxe4 13. Nxe4 Nf5 14. Bg5 Qe8 15. Bd3 Rb8 16. Rab1 c5 17. b3 Bb7 18. Rbe1 Qf7 19. Ng3 1/2-1/2

[Event "ChessOrg Schachfestival 2025"]
[Site "Bad Woerishofen Senioren-Open"]
[Date "2025.03.25"]
[Round "5.3"]
[White "Van Amerongen-Jansen, Peggy"]
[Black "Rodgaard, John"]
[Result "0-1"]
[Annotator "wempe"]
[WhiteElo "1957"]
[BlackElo "2257"]
[WhiteFideId "-1"]
[WhiteFideId "-1"]
[PlyCount "70"]
[GameId "2242653283676309"]
[EventDate "2025.03.21"]

1. e4 c5 2. Nf3 e6 3. c3 d5 4. exd5 Qxd5 5. d4 Nf6 6. h3 Be7 7. Be3 cxd4 8. Qxd4 Nc6 9. Qxd5 Nxd5 10. Bd2 e5 11. Na3 Bxa3 12. bxa3 f6 13. Rb1 b6 14. c4 Nde7 15. c5 bxc5 16. Rc1 Be6 17. Rxc5 e4 18. Nh2 Kd7 19. Ba6 Rab8 20. O-O Rb6 21. Bc4 Bxc4 22. Rxc4 Rb2 23. Be3 Rxa2 24. a4 f5 25. g4 g6 26. Rb1 Rb8 27. Rxb8 Nxb8 28. Bxa7 Nbc6 29. Bb6 Ke6 30. Nf1 Ne5 31. Rc1 Rxa4 32. gxf5+ gxf5 33. Ne3 Nd5 34. Bd8 Ra8 35. f4 Nf3+ 0-1

[Event "ChessOrg Schachfestival 2025"]
[Site "Bad Woerishofen Senioren-Open"]
[Date "2025.03.25"]
[Round "5.4"]
[White "Baum, Bernd"]
[Black "Tscharotschkin, Michael"]
[Result "1/2-1/2"]
[Annotator "wempe"]
[WhiteElo "2234"]
[BlackElo "2080"]
[WhiteFideId "-1"]
[WhiteFideId "-1"]
[PlyCount "63"]
[GameId "2242655098634398"]
[EventDate "2025.03.21"]

1. Nf3 d5 2. g3 e6 3. Bg2 Nf6 4. O-O Be7 5. c4 O-O 6. b3 Ne4 7. Bb2 Bf6 8. d4 c5 9. Qc2 Nc6 10. Rd1 Nb4 11. Qc1 dxc4 12. bxc4 Qc7 13. a3 Na6 14. Qc2 Nd6 15. dxc5 Ne8 16. c6 Bxb2 17. cxb7 Bxb7 18. Qxb2 Rc8 19. Nbd2 Nd6 20. Rac1 Rfd8 21. Qc2 Qc5 22. h4 h6 23. Qa4 Qc7 24. Rb1 Nc5 25. Qb4 a5 26. Qc3 Nce4 27. Nxe4 Nxe4 28. Qe5 Rxd1+ 29. Rxd1 Qxc4 30. Nd4 Nc5 31. Bxb7 Nxb7 32. Qb5 1/2-1/2

[Event "ChessOrg Schachfestival 2025"]
[Site "Bad Woerishofen Senioren-Open"]
[Date "2025.03.25"]
[Round "5.5"]
[White "Schnelzer, Reinhold"]
[Black "Heller, Achim"]
[Result "1/2-1/2"]
[Annotator "wempe"]
[WhiteElo "2178"]
[BlackElo "2033"]
[WhiteFideId "-1"]
[WhiteFideId "-1"]
[PlyCount "78"]
[GameId "2242655259512999"]
[EventDate "2025.03.21"]

1. d4 d5 2. c4 e6 3. Nc3 Nf6 4. Nf3 Be7 5. Bf4 O-O 6. e3 b6 7. cxd5 Nxd5 8. Nxd5 Qxd5 9. Be2 Qa5+ 10. Nd2 Ba6 11. O-O Bxe2 12. Qxe2 c5 13. dxc5 Bxc5 14. Nb3 Qa6 15. Qf3 Nd7 16. Rfd1 Qb5 17. Rac1 Rfe8 18. Qb7 Red8 19. Bc7 Rdc8 20. g3 Qa4 21. Rc3 Nf8 22. a3 Be7 23. Rd4 Qe8 24. Rdc4 Qd7 25. Rc2 Bc5 26. Nxc5 Qxc7 27. Qxc7 Rxc7 28. Nb3 Rxc4 29. Rxc4 Rd8 30. Nd4 f6 31. Rc7 a5 32. Rc6 e5 33. Nf5 Rd1+ 34. Kg2 Nd7 35. Ne7+ Kf8 36. Nc8 b5 37. Rc7 b4 38. axb4 axb4 39. Rb7 Rc1 1/2-1/2

[Event "ChessOrg Schachfestival 2025"]
[Site "Bad Woerishofen Senioren-Open"]
[Date "2025.03.25"]
[Round "5.6"]
[White "Weinwurm, Wolfgang"]
[Black "Heck, Norbert"]
[Result "1/2-1/2"]
[Annotator "wempe"]
[WhiteElo "2032"]
[BlackElo "2146"]
[WhiteFideId "-1"]
[WhiteFideId "-1"]
[PlyCount "24"]
[GameId "2242656546103472"]
[EventDate "2025.03.21"]

1. e4 c5 2. Nf3 a6 3. Nc3 Nc6 4. d4 cxd4 5. Nxd4 e5 6. Nf5 d6 7. Bc4 Nf6 8. Bg5 Bxf5 9. exf5 Be7 10. Bxf6 Bxf6 11. O-O Rc8 12. Bd5 Rc7 1/2-1/2

[Event "ChessOrg Schachfestival 2025"]
[Site "Bad Woerishofen Senioren-Open"]
[Date "2025.03.25"]
[Round "5.7"]
[White "Krulich, Roman"]
[Black "Wegemund, Hubert"]
[Result "1-0"]
[Annotator "wempe"]
[WhiteElo "2132"]
[BlackElo "2018"]
[WhiteFideId "-1"]
[WhiteFideId "-1"]
[PlyCount "55"]
[GameId "2242656847028421"]
[EventDate "2025.03.21"]

1. Nf3 d6 2. d4 g6 3. g3 b5 4. Bg2 Bb7 5. Na3 a6 6. c4 bxc4 7. Nxc4 Nf6 8. O-O Bg7 9. Qb3 Bd5 10. Ng5 Bxg2 11. Nxf7 Qc8 12. Kxg2 d5 13. Nce5 O-O 14. Nh6+ Kh8 15. Nef7+ Rxf7 16. Nxf7+ Kg8 17. Ne5 c5 18. dxc5 Nc6 19. Bf4 Nd4 20. Qd3 Ne6 21. Be3 Rb8 22. b3 d4 23. Bxd4 Rb4 24. Be3 Qa8+ 25. c6 Re4 26. f4 Nc7 27. Rac1 Qc8 28. Nd7 1-0

[Event "ChessOrg Schachfestival 2025"]
[Site "Bad Woerishofen Senioren-Open"]
[Date "2025.03.25"]
[Round "5.8"]
[White "Schatz, Christian"]
[Black "Matzat, Andre"]
[Result "1-0"]
[Annotator "wempe"]
[WhiteElo "2126"]
[BlackElo "2017"]
[WhiteFideId "-1"]
[WhiteFideId "-1"]
[PlyCount "109"]
[GameId "2242657709793486"]
[EventDate "2025.03.21"]

1. Nf3 Nf6 2. c4 c5 3. g3 Nc6 4. Bg2 d5 5. cxd5 Nxd5 6. Nc3 Nc7 7. O-O e5 8. d3 Be7 9. Nd2 Bd7 10. Nc4 f6 11. f4 b5 12. Ne3 O-O 13. fxe5 Nxe5 14. a4 Rb8 15. axb5 Nxb5 16. Nxb5 Bxb5 17. Rxa7 Bc6 18. Nf5 Re8 19. Rxe7 Rxe7 20. Nxe7+ Qxe7 21. Qc2 Bxg2 22. Kxg2 Rb4 23. Rf4 Rb5 24. Qa4 Qb7+ 25. Qe4 Qd7 26. Qa8+ Kf7 27. Rh4 h6 28. Re4 Rb7 29. Qa2+ Kg6 30. Bf4 Qc6 31. Kg1 Nf7 32. Bd2 Ng5 33. Bxg5 hxg5 34. Qa8 Qd7 35. Qf8 Rxb2 36. g4 Qd5 37. Qe8+ Qf7 38. Qh8 f5 39. Qh5+ Kf6 40. Qxf7+ Kxf7 41. gxf5 Kf6 42. Kf2 Kxf5 43. Rc4 Rb5 44. Kf3 Ra5 45. h3 Kg6 46. Ke4 Ra1 47. Rxc5 Rh1 48. d4 Rxh3 49. d5 Rh8 50. d6 Re8+ 51. Re5 Rd8 52. Kd5 Kf6 53. e4 Ra8 54. Rf5+ Kg6 55. Rf1 1-0

[Event "ChessOrg Schachfestival 2025"]
[Site "Bad Woerishofen Senioren-Open"]
[Date "2025.03.25"]
[Round "5.9"]
[White "Chan, Peng Kong"]
[Black "Scholl, Martin"]
[Result "1/2-1/2"]
[Annotator "wempe"]
[WhiteElo "2082"]
[BlackElo "2015"]
[WhiteFideId "-1"]
[WhiteFideId "-1"]
[PlyCount "30"]
[GameId "2242659803881687"]
[EventDate "2025.03.21"]

1. c4 Nf6 2. g3 e6 3. d4 d5 4. Nf3 Be7 5. Bg2 O-O 6. O-O dxc4 7. Na3 Bxa3 8. bxa3 Nbd7 9. Qc2 Nb6 10. Rd1 Bd7 11. Re1 Ba4 12. Qb2 Bc6 13. Bd2 a5 14. Rac1 h6 15. Qb1 Qd5 1/2-1/2

[Event "ChessOrg Schachfestival 2025"]
[Site "Bad Woerishofen Senioren-Open"]
[Date "2025.03.26"]
[Round "6.1"]
[White "Pirrot, Dieter"]
[Black "Rodgaard, John"]
[Result "1/2-1/2"]
[Annotator "wempe"]
[WhiteElo "2311"]
[BlackElo "2257"]
[WhiteFideId "-1"]
[WhiteFideId "-1"]
[PlyCount "20"]
[GameId "2242679324885090"]
[EventDate "2025.03.21"]

1. e4 e6 2. d4 d5 3. e5 c5 4. c3 Nc6 5. Nf3 Bd7 6. Bd3 cxd4 7. O-O dxc3 8. Nxc3 Nge7 9. Bg5 Qb8 10. Re1 Ng6 1/2-1/2

[Event "ChessOrg Schachfestival 2025"]
[Site "Bad Woerishofen Senioren-Open"]
[Date "2025.03.26"]
[Round "6.2"]
[White "Kindtner, Ulrich"]
[Black "Baum, Bernd"]
[Result "1/2-1/2"]
[Annotator "wempe"]
[WhiteElo "2157"]
[BlackElo "2234"]
[WhiteFideId "-1"]
[WhiteFideId "-1"]
[PlyCount "84"]
[GameId "2242679870607488"]
[EventDate "2025.03.21"]

1. c4 e6 2. e4 d5 3. cxd5 exd5 4. exd5 Nf6 5. d4 Nxd5 6. Nf3 Be7 7. Nc3 O-O 8. Bd3 Bf6 9. O-O Bg4 10. h3 Be6 11. Ne4 h6 12. Nc5 Bc8 13. Bb1 b6 14. Qc2 g6 15. Ne4 Bg7 16. Re1 Bb7 17. Ng3 Nc6 18. a3 Re8 19. Rd1 Qd7 20. h4 Qg4 21. h5 Nxd4 22. Nxd4 Bxd4 23. Rxd4 Re1+ 24. Nf1 Nf4 25. f3 Nh3+ 26. Kh2 Qxd4 27. hxg6 Ng5 28. Bxg5 hxg5 29. Qxc7 Qe5+ 30. Qxe5 Rxe5 31. gxf7+ Kxf7 32. Nd2 Rd8 33. Ne4 Bxe4 34. Bxe4 Rd2 35. b4 Rb2 36. Rc1 Kf6 37. Rc7 Re7 38. Rc3 Rd7 39. Kh3 Rd6 40. g3 Rbd2 41. Kg4 R2d4 42. Rc7 a5 1/2-1/2

[Event "ChessOrg Schachfestival 2025"]
[Site "Bad Woerishofen Senioren-Open"]
[Date "2025.03.26"]
[Round "6.3"]
[White "Remensberger, Hansuli"]
[Black "Kristensen, Leif"]
[Result "0-1"]
[Annotator "wempe"]
[WhiteElo "2034"]
[BlackElo "2310"]
[WhiteFideId "-1"]
[WhiteFideId "-1"]
[PlyCount "64"]
[GameId "2242680203554953"]
[EventDate "2025.03.21"]

1. c4 g6 2. e4 Bg7 3. Ne2 d6 4. Nbc3 e5 5. g3 Nc6 6. Bg2 Be6 7. d3 h5 8. h4 Qd7 9. Nd5 a5 10. O-O Rb8 11. Be3 Nf6 12. f3 O-O 13. Qd2 Nh7 14. a4 f5 15. Ra3 Nb4 16. Nxb4 axb4 17. Qxb4 f4 18. gxf4 Qd8 19. Qe1 Bh6 20. Qg3 Qf6 21. Rf2 Qf7 22. Bc1 exf4 23. Bxf4 Bxf4 24. Nxf4 Qxf4 25. Qxg6+ Kh8 26. Qxe6 Rg8 27. Ra1 Rg3 28. Qd5 Rbg8 29. Qxh5 Qe3 30. Kf1 Qxd3+ 31. Kg1 Qd4 32. Kf1 Qg7 0-1

[Event "ChessOrg Schachfestival 2025"]
[Site "Bad Woerishofen Senioren-Open"]
[Date "2025.03.26"]
[Round "6.4"]
[White "Tscharotschkin, Michael"]
[Black "Luciani, Carlo"]
[Result "0-1"]
[Annotator "wempe"]
[WhiteElo "2080"]
[BlackElo "2149"]
[WhiteFideId "-1"]
[WhiteFideId "-1"]
[PlyCount "94"]
[GameId "2242681159516318"]
[EventDate "2025.03.21"]

1. d4 Nf6 2. Bf4 g6 3. e3 Bg7 4. Nf3 O-O 5. Be2 d6 6. h3 c5 7. O-O Nc6 8. c3 a6 9. a4 Nd7 10. Bh2 e5 11. d5 Ne7 12. e4 Bh6 13. Nfd2 f5 14. exf5 gxf5 15. f4 Bxf4 16. Bxf4 exf4 17. c4 Ng6 18. Bh5 Nde5 19. Bxg6 Nxg6 20. Nc3 Qf6 21. Nf3 Re8 22. Qd2 Bd7 23. Rae1 b6 24. b3 Rab8 25. Ne2 Re4 26. Nc3 Rbe8 27. Nxe4 fxe4 28. Nh2 Qd4+ 29. Qxd4 cxd4 30. Rd1 d3 31. Rfe1 Kf7 32. Nf1 Bf5 33. g4 Bd7 34. Nd2 e3 35. Nf3 d2 36. Re2 h6 37. Nxd2 exd2 38. Rxe8 Bxe8 39. Rxd2 Kf6 40. Re2 Bd7 41. a5 bxa5 42. Ra2 a4 43. bxa4 Ne5 44. Kf2 Kg5 45. a5 Nxc4 46. Kf3 Ne5+ 47. Kg2 Bb5 0-1

[Event "ChessOrg Schachfestival 2025"]
[Site "Bad Woerishofen Senioren-Open"]
[Date "2025.03.26"]
[Round "6.5"]
[White "Higatsberger, Michael"]
[Black "Krulich, Roman"]
[Result "1/2-1/2"]
[Annotator "wempe"]
[WhiteElo "2069"]
[BlackElo "2132"]
[WhiteFideId "-1"]
[WhiteFideId "-1"]
[PlyCount "61"]
[GameId "2242728873627690"]
[EventDate "2025.03.21"]

1. e4 d5 2. exd5 Nf6 3. d4 Nxd5 4. Nf3 g6 5. c4 Nb6 6. Nc3 Bg7 7. Be3 O-O 8. Qd2 Bg4 9. Ne5 Bxe5 10. dxe5 Qxd2+ 11. Bxd2 Rd8 12. h3 Be6 13. b3 Nc6 14. f4 Nb4 15. O-O-O a5 16. Be2 a4 17. Be3 axb3 18. Rxd8+ Rxd8 19. axb3 Nd3+ 20. Kc2 Bf5 21. g4 Nf2+ 22. gxf5 Nxh1 23. fxg6 hxg6 24. Ne4 f5 25. exf6 exf6 26. Nxf6+ Kf7 27. Ne4 Re8 28. Kd3 Rd8+ 29. Kc3 Re8 30. Kd3 Rd8+ 31. Kc3 1/2-1/2

[Event "ChessOrg Schachfestival 2025"]
[Site "Bad Woerishofen Senioren-Open"]
[Date "2025.03.26"]
[Round "6.6"]
[White "Schatz, Christian"]
[Black "Astengo, Corrado"]
[Result "1/2-1/2"]
[Annotator "wempe"]
[WhiteElo "2126"]
[BlackElo "2013"]
[WhiteFideId "-1"]
[WhiteFideId "-1"]
[PlyCount "27"]
[GameId "2242730089660488"]
[EventDate "2025.03.21"]

1. c4 e6 2. Nf3 d5 3. g3 Nf6 4. Bg2 Be7 5. O-O O-O 6. b3 d4 7. d3 c5 8. e4 Nc6 9. Ne1 e5 10. h3 Ne8 11. f4 f5 12. exf5 Rxf5 13. g4 Rf8 14. f5 1/2-1/2

[Event "ChessOrg Schachfestival 2025"]
[Site "Bad Woerishofen Senioren-Open"]
[Date "2025.03.26"]
[Round "6.7"]
[White "Bruchmann, Norbert"]
[Black "Okrajek, Alexander"]
[Result "0-1"]
[Annotator "wempe"]
[WhiteElo "2034"]
[BlackElo "2197"]
[WhiteFideId "-1"]
[WhiteFideId "-1"]
[PlyCount "80"]
[GameId "2242730489520221"]
[EventDate "2025.03.21"]

1. e4 g6 2. d4 Bg7 3. Nc3 d6 4. Be3 a6 5. Qd2 b5 6. a4 b4 7. Nd5 a5 8. h4 h6 9. f3 Nd7 10. Bb5 Bb7 11. Bxd7+ Qxd7 12. c4 e6 13. Nf4 Ne7 14. Nd3 f5 15. d5 e5 16. c5 Ba6 17. c6 Qc8 18. Ne2 O-O 19. h5 fxe4 20. fxe4 Qg4 21. hxg6 Qxe4 22. O-O-O Nf5 23. Rh3 Qxd5 24. Kb1 Qxc6 25. Nf2 Nxe3 26. Qxe3 Qxa4 27. b3 Qb5 28. Nc1 e4 29. Ng4 Qg5 30. Qxe4 Rae8 31. Qd5+ Qxd5 32. Rxd5 Rf1 33. Re3 Rxe3 34. Nxe3 Re1 35. Nf5 Re5 36. Kc2 h5 37. Rxe5 Bxe5 38. Nd3 Bb7 39. Nxe5 dxe5 40. Nh4 Be4+ 0-1

[Event "ChessOrg Schachfestival 2025"]
[Site "Bad Woerishofen Senioren-Open"]
[Date "2025.03.26"]
[Round "6.8"]
[White "Weinwurm, Wolfgang"]
[Black "Schnelzer, Reinhold"]
[Result "0-1"]
[Annotator "wempe"]
[WhiteElo "2032"]
[BlackElo "2178"]
[WhiteFideId "-1"]
[WhiteFideId "-1"]
[PlyCount "62"]
[GameId "2242731043369062"]
[EventDate "2025.03.21"]

1. e4 d6 2. d4 d5 3. e5 Bf5 4. Nf3 e6 5. Be2 Nd7 6. O-O Ne7 7. b3 c5 8. dxc5 Nc6 9. Bb2 Bxc5 10. c4 dxc4 11. Bxc4 O-O 12. Qe2 a6 13. a4 Qe7 14. h3 Rfd8 15. Nbd2 Nb6 16. Ne4 Bxe4 17. Qxe4 Nxc4 18. Qxc4 Rac8 19. Qe4 h6 20. Rfd1 Rxd1+ 21. Rxd1 Rd8 22. Qe2 Bb6 23. Rxd8+ Qxd8 24. Qd2 Qd5 25. Qxd5 exd5 26. Kf1 Bc5 27. Bc3 Kf8 28. Bd2 Ke7 29. g4 Ke6 30. Bf4 Bd4 31. g5 h5 0-1

[Event "ChessOrg Schachfestival 2025"]
[Site "Bad Woerishofen Senioren-Open"]
[Date "2025.03.26"]
[Round "6.9"]
[White "Heck, Norbert"]
[Black "Larem, Ewald"]
[Result "1/2-1/2"]
[Annotator "wempe"]
[WhiteElo "2146"]
[BlackElo "2019"]
[WhiteFideId "-1"]
[WhiteFideId "-1"]
[PlyCount "89"]
[GameId "2242732594540670"]
[EventDate "2025.03.21"]

1. d4 d5 2. Nf3 e6 3. g3 Nf6 4. Bg2 Be7 5. O-O O-O 6. c4 b6 7. Nc3 Bb7 8. Ne5 Nbd7 9. cxd5 exd5 10. Qb3 c6 11. Bf4 Nh5 12. Nxd7 Qxd7 13. Bd2 Nf6 14. Bf4 Bd6 15. Bxd6 Qxd6 16. Rfd1 Rfe8 17. a4 Ba6 18. e3 h5 19. a5 b5 20. Qc2 h4 21. Bf3 Bc8 22. e4 dxe4 23. Nxe4 Nxe4 24. Bxe4 Bd7 25. Rac1 Rac8 26. Bf3 Qf6 27. Bg2 Bg4 28. Rd2 h3 29. Bf1 a6 30. Qc3 Re7 31. f3 Qxf3 32. Qxf3 Bxf3 33. Bxh3 Rce8 34. Bg2 Bxg2 35. Kxg2 Re2+ 36. Rxe2 Rxe2+ 37. Kf3 Re6 38. Rc5 Kf8 39. d5 cxd5 40. Rxd5 Ke7 41. b4 Re1 42. Rd4 Rc1 43. h4 Ke6 44. Kf4 Rf1+ 45. Ke4 1/2-1/2

[Event "ChessOrg Schachfestival 2025"]
[Site "Bad Woerishofen Senioren-Open"]
[Date "2025.03.27"]
[Round "7.1"]
[White "Kristensen, Leif"]
[Black "Pirrot, Dieter"]
[Result "0-1"]
[Annotator "wempe"]
[WhiteElo "2310"]
[BlackElo "2311"]
[WhiteFideId "-1"]
[WhiteFideId "-1"]
[PlyCount "54"]
[GameId "2242733410382032"]
[EventDate "2025.03.21"]

1. e4 e6 2. d4 d5 3. Nd2 Nc6 4. Ngf3 Nf6 5. exd5 exd5 6. Bb5 Bd6 7. Qe2+ Be6 8. Ne5 O-O 9. Nxc6 bxc6 10. Bxc6 Rb8 11. c3 Rb6 12. Ba4 c5 13. Nf3 Bg4 14. Be3 Ne4 15. h3 Bh5 16. dxc5 Bxc5 17. g4 Bg6 18. Nd4 Bxd4 19. cxd4 f5 20. gxf5 Rxf5 21. Rg1 Bh5 22. Rg4 Re6 23. Bc2 Qa5+ 24. Kd1 Nxf2+ 25. Kc1 Nxg4 26. hxg4 Bxg4 27. Bxf5 Rc6+ 0-1

[Event "ChessOrg Schachfestival 2025"]
[Site "Bad Woerishofen Senioren-Open"]
[Date "2025.03.27"]
[Round "7.2"]
[White "Rodgaard, John"]
[Black "Kindtner, Ulrich"]
[Result "1-0"]
[Annotator "wempe"]
[WhiteElo "2257"]
[BlackElo "2157"]
[WhiteFideId "-1"]
[WhiteFideId "-1"]
[PlyCount "39"]
[GameId "2245958635176081"]
[EventDate "2025.03.21"]

1. c4 g6 2. d4 Bg7 3. e4 Nc6 4. Nf3 d6 5. d5 Ne5 6. Nxe5 Bxe5 7. Be2 c5 8. O-O Nf6 9. Nd2 O-O 10. Qc2 Ne8 11. Nf3 Bg7 12. Bf4 Qc7 13. Qd2 Nf6 14. Bd3 Bg4 15. Ne1 Nh5 16. Bh6 a6 17. Bxg7 Kxg7 18. f4 Bd7 19. Be2 f6 20. g4 1-0

[Event "ChessOrg Schachfestival 2025"]
[Site "Bad Woerishofen Senioren-Open"]
[Date "2025.03.27"]
[Round "7.3"]
[White "Luciani, Carlo"]
[Black "Okrajek, Alexander"]
[Result "0-1"]
[Annotator "wempe"]
[WhiteElo "2149"]
[BlackElo "2197"]
[WhiteFideId "-1"]
[WhiteFideId "-1"]
[PlyCount "88"]
[GameId "2245958843232411"]
[EventDate "2025.03.21"]

1. e4 c6 2. Nc3 d5 3. Nf3 dxe4 4. Nxe4 Nf6 5. Nxf6+ exf6 6. d4 Bd6 7. Be2 O-O 8. O-O Nd7 9. c4 c5 10. Be3 Qc7 11. h3 f5 12. a3 Nf6 13. dxc5 Bxc5 14. Bxc5 Qxc5 15. Qd4 Qc7 16. Rfd1 Be6 17. Qh4 Rfd8 18. Nd4 h6 19. Bf1 Ne4 20. Nb5 Qb6 21. Rxd8+ Rxd8 22. c5 Nxc5 23. a4 a5 24. b4 Ne4 25. bxa5 Qxa5 26. Re1 Qd2 27. Re2 Qd1 28. Re1 Qxe1 29. Qxd8+ Kh7 30. Qd3 Qd2 31. Qe2 Qb4 32. Qc2 b6 33. g4 g6 34. gxf5 Bxf5 35. Qc7 Be6 36. Qxb6 Qxa4 37. Bg2 Ng5 38. Nc7 Qa1+ 39. Kh2 Qe5+ 40. Kh1 Bxh3 41. Bd5 Bf5 42. Kg1 Nh3+ 43. Kh1 Nxf2+ 44. Kg2 Be4+ 0-1

[Event "ChessOrg Schachfestival 2025"]
[Site "Bad Woerishofen Senioren-Open"]
[Date "2025.03.27"]
[Round "7.4"]
[White "Baum, Bernd"]
[Black "Rauch, Uwe"]
[Result "1-0"]
[Annotator "wempe"]
[WhiteElo "2234"]
[BlackElo "2091"]
[WhiteFideId "-1"]
[WhiteFideId "-1"]
[PlyCount "89"]
[GameId "2245960141635749"]
[EventDate "2025.03.21"]

1. Nf3 Nf6 2. c4 g6 3. b3 Bg7 4. Bb2 d6 5. g3 e5 6. Bg2 O-O 7. O-O Re8 8. d3 Nbd7 9. Nc3 a5 10. Qc2 Nc5 11. Nd2 c6 12. a3 Bd7 13. b4 Ne6 14. e3 Qc8 15. Nb3 axb4 16. axb4 Rxa1 17. Rxa1 Ng5 18. f3 b6 19. Bc1 d5 20. Na4 Qd8 21. e4 h6 22. c5 b5 23. Nb6 dxe4 24. dxe4 Be6 25. Be3 Bxb3 26. Qxb3 Ne6 27. Ra7 Qb8 28. Qa2 Qd8 29. Bh3 Qd1+ 30. Kg2 Qe1 31. Bxe6 Rxe6 32. Qd2 Qxd2+ 33. Bxd2 Bf8 34. Ra8 g5 35. Rc8 Kg7 36. Bc3 g4 37. Bb2 gxf3+ 38. Kxf3 h5 39. Bc1 Ng4 40. Nd7 Be7 41. h3 Nh6 42. Nb8 Rf6+ 43. Kg2 Nf5 44. exf5 Rxf5 45. Nxc6 1-0

[Event "ChessOrg Schachfestival 2025"]
[Site "Bad Woerishofen Senioren-Open"]
[Date "2025.03.27"]
[Round "7.5"]
[White "Schnelzer, Reinhold"]
[Black "Kierzek, Matthias"]
[Result "1/2-1/2"]
[Annotator "wempe"]
[WhiteElo "2178"]
[BlackElo "2078"]
[WhiteFideId "-1"]
[WhiteFideId "-1"]
[PlyCount "54"]
[GameId "2245960667001007"]
[EventDate "2025.03.21"]

1. d4 d5 2. c4 c6 3. Nf3 Nf6 4. Nc3 dxc4 5. a4 Bf5 6. e3 e6 7. Bxc4 Bb4 8. O-O O-O 9. Nh4 Nbd7 10. Nxf5 exf5 11. h3 Nb6 12. Bb3 Nbd5 13. Bd2 a5 14. Qf3 Ne4 15. Be1 Ndxc3 16. bxc3 Bxc3 17. Bxc3 Nxc3 18. Qxf5 b5 19. Qc5 b4 20. Qxc6 Qe7 21. Rfe1 Kh8 22. Qc4 f5 23. f3 Rae8 24. Qd3 Rd8 25. Qa6 Qc7 26. Qd3 f4 27. exf4 Qa7 1/2-1/2

[Event "ChessOrg Schachfestival 2025"]
[Site "Bad Woerishofen Senioren-Open"]
[Date "2025.03.27"]
[Round "7.6"]
[White "Krulich, Roman"]
[Black "Zuehlke, Burkhard"]
[Result "0-1"]
[Annotator "wempe"]
[WhiteElo "2132"]
[BlackElo "2048"]
[WhiteFideId "-1"]
[WhiteFideId "-1"]
[PlyCount "56"]
[GameId "2245961301799148"]
[EventDate "2025.03.21"]

1. Nf3 d6 2. d4 Nf6 3. g3 g6 4. b3 Bg7 5. Bb2 c5 6. Bg2 cxd4 7. Nxd4 d5 8. O-O O-O 9. Nd2 Re8 10. c4 e5 11. Nc2 d4 12. f4 exf4 13. Rxf4 d3 14. exd3 Nh5 15. Rd4 Qc7 16. Re4 Rxe4 17. Bxg7 Re8 18. Bc3 Bf5 19. Qf3 Nc6 20. Ne4 Bxe4 21. dxe4 Ne5 22. Qf2 Rad8 23. Ne3 Nd3 24. Qe2 Qb6 25. Kh1 f5 26. Nd5 Rxd5 27. cxd5 Nf2+ 28. Kg1 Nxe4+ 0-1

[Event "ChessOrg Schachfestival 2025"]
[Site "Bad Woerishofen Senioren-Open"]
[Date "2025.03.27"]
[Round "7.7"]
[White "Chan, Peng Kong"]
[Black "Schatz, Christian"]
[Result "1/2-1/2"]
[Annotator "wempe"]
[WhiteElo "2082"]
[BlackElo "2126"]
[WhiteFideId "-1"]
[WhiteFideId "-1"]
[PlyCount "32"]
[GameId "2245962022207736"]
[EventDate "2025.03.21"]

1. d4 Nf6 2. c4 e6 3. Nc3 d5 4. cxd5 exd5 5. Bg5 Be7 6. Qc2 O-O 7. e3 c6 8. Qd3 Nbd7 9. Nge2 Re8 10. h3 h6 11. Bf4 Nf8 12. g4 Ne6 13. Bg3 Ng5 14. O-O-O Bd6 15. Kb1 Nfe4 16. Nxe4 Nxe4 1/2-1/2

[Event "ChessOrg Schachfestival 2025"]
[Site "Bad Woerishofen Senioren-Open"]
[Date "2025.03.27"]
[Round "7.8"]
[White "Daeubler, Heinrich"]
[Black "Higatsberger, Michael"]
[Result "1/2-1/2"]
[Annotator "wempe"]
[WhiteElo "2114"]
[BlackElo "2069"]
[WhiteFideId "-1"]
[WhiteFideId "-1"]
[PlyCount "29"]
[GameId "2245962975940952"]
[EventDate "2025.03.21"]

{[%evp 0,98,10,31,46,41,90,84,120,87,103,81,84,42,39,19,6,-7,25,3,13,0,-23,-40,-36,-57,-60,-84,-93,-90,-83,-103,-91,-103,-70,-69,-72,-64,-64,-69,1,-9,-8,-12,22,0,0,-29,-25,-27,-23,-15,-14,-48,-50,-65,-57,-66,-64,-94,-82,-74,-34,-82,-76,-82,-44,-36,-37,-52,-40,-59,-69,-61,-68,-69,-69,-89,-98,-124,-59,-124,-135,-144,-148,-152,-156,-135,-157,-171,-184,-209,-175,-321,-216,-231,-239,-303,-339,-341,-373]} 1. g3 d5 2. Nf3 Nf6 3. Bg2 c5 4. O-O Nc6 5. d4 e6 6. c4 dxc4 7. Qa4 Bd7 8. Qxc4 b5 9. Qd3 c4 10. Qd1 Rc8 11. Bg5 Be7 12. Nbd2 h6 13. Bxf6 Bxf6 14. Ne4 O-O 15. a4 1/2-1/2

[Event "ChessOrg Schachfestival 2025"]
[Site "Bad Woerishofen Senioren-Open"]
[Date "2025.03.27"]
[Round "7.9"]
[White "Astengo, Corrado"]
[Black "Heck, Norbert"]
[Result "0-1"]
[Annotator "wempe"]
[WhiteElo "2013"]
[BlackElo "2146"]
[WhiteFideId "-1"]
[WhiteFideId "-1"]
[PlyCount "98"]
[GameId "2245963912343925"]
[EventDate "2025.03.21"]

1. e4 c5 2. Nf3 a6 3. Nc3 b5 4. d4 cxd4 5. Nxd4 e6 6. a4 b4 7. Nb1 Bb7 8. Bd3 Qc7 9. Be3 Nf6 10. Nd2 d5 11. f3 Nbd7 12. Bf2 dxe4 13. fxe4 Bd6 14. N4f3 O-O 15. Qe2 Ng4 16. Bd4 Nge5 17. O-O Bc5 18. Bxc5 Qxc5+ 19. Kh1 Nxd3 20. cxd3 Rac8 21. Nc4 e5 22. Nh4 Nb6 23. b3 Nxc4 24. dxc4 Rcd8 25. Nf5 g6 26. Ng3 Rd4 27. Qf2 Qd6 28. Rae1 f6 29. Re3 Rd2 30. Re2 Rd3 31. Re3 Rd2 32. Re2 Rxe2 33. Qxe2 Rd8 34. Qf2 Kg7 35. h3 h5 36. h4 Qe6 37. Qf3 Rd4 38. Kg1 a5 39. Rd1 Qd6 40. Rxd4 Qxd4+ 41. Qf2 Kf7 42. Qxd4 exd4 43. Kf2 Ke6 44. Ke2 Ke5 45. Kd3 Bc6 46. c5 Bb7 47. Ke2 Kf4 48. Kf2 d3 49. Nf1 Kxe4 0-1